LEADER 01253nam a2200289 u 4500 001 000000078517 003 CaOOAMICUS 005 20070226123434.0 008 040503s1988 gau u000 u eng u 020 $a1555402593 035 $a10993045 040 $aPUL(R)$bita 245 00$aNarrative parallels to the New Testament /$ccompiled and edited by Francis Martin. 260 $aAtlanta :$bScholars Press,$cc1988. 300 $axxv, 266 p. ;$c24 cm 490 1 $aResources for biblical study ;$v22 500 $aContiene indici. 504 $aBibliografia in appendice. 630 04$aBiblia.$pN.T.$xCritica e interpretazione.$0(OLS)http://pul/subject/1926 650 4$aLetteratura religiosa ebraica.$0(OLS)http://pul/subject/2240 830 0$aResources for biblical study (Society of Biblical Literature) ;$v22.$0(OLS)http://pul/title/31791 850 $aPUL 852 $aPUL$W1$xSL Religione 1$y3$m5 P 2.22$j100687$nBK-PRI$b $qStampati$B100687$CPULBib$Z2$F100687 $HPUL90810 $81 941 1 $a8 996 $6020$a1555402593$9(OLS)http://pul/number/102935 996 $6245$aNarrative parallels to the New Testament$9(OLS)http://pul/title/102860 996 $6260$aAtlanta :$bScholars Press$9(OLS)http://pul/publisher/52385 LEADER 01411nam a2200325 a 4500 001 000000175326 003 CaOOAMICUS 005 20220630112546.0 008 220630s2021 it u000 u ita r 020 $a978-88-612-4-823-6* 032 $aLibriCat 040 $aPUL$bita 082 04$a261.8 100 1 $aImpellizzeri, Vito,$d1971-$0(OLS)http://pul/name/69225 245 12$aL'ospite porta Dio tra di noi : $bteologia mediterranea dell'accoglienza /$cVito Impellizzeri, Corrado Lorefice. 260 $aTrapani :$bIl pozzo di Giacobbe,$cİ2021. 300 $a137 p. ; $c22 cm 490 1 $aSponde ;$v16 504 $aContiene riferimenti bibliografici e indice. 650 4$aImmigrazione$xChiesa cattolica.$0(OLS)http://pul/subject/41108 700 1 $aLorefice, Corrado,$d1962-$0(OLS)http://pul/name/77483 830 0$aSponde ;$v16.$0(OLS)http://pul/title/216745 850 $aPUL 852 $aPUL$W1$xSL Religione 3$y85$m261. 8 IMPVI 1$j199533$qDDC 21$B204253$CPULBib$Z2$F204253 $H135683 $82 941 1 $a9 996 $6020$a978-88-612-4-823-6*$9(OLS)http://pul/number/168721 996 $6082$a261.8$9(OLS)http://pul/classification/367 996 $6245$aL'ospite porta Dio tra di noi : $bteologia mediterranea dell'accoglienza$9(OLS)http://pul/title/216744 996 $6260$aTrapani :$bIl pozzo di Giacobbe$9(OLS)http://pul/publisher/79226